Score 0/20 Timer 03:00
4 Plays Today
Quote Answer % Correct
Show me the _____!Money
93.4%
I'm the _____ of the world!King
84.9%
Carpe diem. _____ the day, boys. Make your lives extraordinary.Seize
84.4%
Roads? Where we're going we don't _____ roads.Need
82%
Made it, Ma! Top of the _____!World
79.9%
You know the difference between you and me? I make this look _____.Good
79.6%
You can't _____ the truth!Handle
79.1%
I'm pretty sure there's a lot more to _____ than being really, really, ridiculously good looking.Life
70.3%
I have always depended on the _____ of strangers.Kindness
64.4%
This isn't flying. This is falling with _____!Style
58.5%
Quote Answer % Correct
I have one simple request. And that is to have _____ with frickin' laser beams attached to their heads.Sharks
52.3%
A census taker once tried to test me. I ate his liver with some _____ beans and a nice Chianti.Fava
47.5%
Of all the _____ joints in all the towns in all the world she walks into mine.Gin
41%
Tell 'em to go out there with all they got and win just one for The _____.Gipper
39.2%
Today I saw a _____ become more powerful than the Emperor of Rome. Slave
34.7%
Soylent Green is _____!People
32.2%
I’m not bad. I’m just _____ that way.Drawn
24.3%
Listen to them. _____ of the night what music they make.Children
14.8%
As far back as I could remember I’ve always wanted to be a _____.Gangster
14.4%
I do mind, the _____ minds. This will not stand.Dude
11.3%

Today's Daily Dose

Remove Ads.
Support Sporcle.
Get the best of Sporcle when you Go Orange. This ad-free experience offers more features, more stats, and more fun while also helping to support Sporcle. Thank you for becoming a member.

You're not logged in!

Compare scores with friends on all Sporcle quizzes.
OR
Log In

Show Comments

Extras

Top Quizzes Today


Score Distribution

Your Account Isn't Verified!

In order to create a playlist on Sporcle, you need to verify the email address you used during registration. Go to your Sporcle Settings to finish the process.

Report this User

Report this user for behavior that violates our Community Guidelines.

Details: